|
|
|
|
| LEADER |
00000nam0a2200000 4500 |
| 001 |
204764 |
| 005 |
20231031190123.0 |
| 010 |
|
|
|a 597170009X
|
| 035 |
|
|
|a (RuTPU)RU\TPU\book\223204
|
| 035 |
|
|
|a RU\TPU\book\223201
|
| 090 |
|
|
|a 204764
|
| 100 |
|
|
|a 20111201d2005 m y0rusy50 ca
|
| 101 |
0 |
|
|a rus
|
| 102 |
|
|
|a RU
|
| 105 |
|
|
|a y z 000ay
|
| 200 |
1 |
|
|a Варяжский десант
|e роман
|f А. Горюнов
|
| 210 |
|
|
|a СПб.
|c Крылов
|d 2005
|
| 215 |
|
|
|a 416 с.
|
| 225 |
1 |
|
|a Историческая авантюра
|
| 225 |
1 |
|
|a Мужской клуб
|
| 330 |
|
|
|a Куда катится этот мир? Наверное, мало кто из нас ни разу в жизни не задавал себе подобного вопроса. Но тревожиться совершенно не о чем: судьба мировой истории находится в заботливых руках. Капитан спецназа Николай Аверьянрв, известный некоторым по роману "На пути Орды", получает задание хронораз-ведки России: обеспечить успешное освоение викингами Нового Света в 985 году н. э. Тем самым он предотвратит открытие Колумбом Америки в конце пятнадцатого века. Развитие США будет направлено в иное русло, более благоприятное для земной цивилизации и некоторых физических лиц.
|
| 610 |
1 |
|
|a русская литература
|
| 610 |
1 |
|
|a романы
|
| 610 |
1 |
|
|a фантастика
|
| 675 |
|
|
|a Р2
|v 3
|
| 700 |
|
1 |
|a Горюнов
|b А.
|g Андрей
|
| 801 |
|
1 |
|a RU
|b 63413507
|c 20111201
|
| 801 |
|
2 |
|a RU
|b 63413507
|c 20111207
|g RCR
|
| 942 |
|
|
|c BK
|